| 000 | 00428nam a2200157 i 4500 | ||
|---|---|---|---|
| 001 | 75382 | ||
| 003 | ES-MaACL | ||
| 005 | 20230906172430.0 | ||
| 007 | t| | ||
| 008 | 040924s1961 sp ||||1| spa d | ||
| 100 | 1 |
_aGras, J. _959677 |
|
| 245 | 1 | 0 |
_aFundamentos de bioquímica médica / _cpor J. Gras. |
| 260 |
_aBarcelona : _bToray, _c1961. |
||
| 300 |
_aXVIII, 302 p. : _bil. ; _c22 cm. |
||
| 852 |
_aES-MaACL _jF-6280 _bR.47901 |
||
| 999 |
_c75382 _d75382 |
||